LEADER 03069nam 2200529 450 001 9910798390303321 005 20230421030552.0 010 $a1-57181-926-6 010 $a1-57181-859-6 010 $a1-78238-878-8 024 7 $a10.1515/9781782388784 035 $a(CKB)3710000000641314 035 $a(EBL)4501273 035 $a(MiAaPQ)EBC4501273 035 $a(DE-B1597)637171 035 $a(DE-B1597)9781782388784 035 $a(EXLCZ)993710000000641314 100 $a20160426h19961996 uy 0 101 0 $aeng 135 $aur|n|---||||| 181 $2rdacontent 182 $2rdamedia 183 $2rdacarrier 200 00$aAfrican crossroads $eintersections between history and anthropology in Cameroon /$fedited by Ian Fowler and David Zeitlyn 210 1$aProvidence, Rhode Island ;$aOxford, England :$cBerghahn Books,$d1996. 210 4$d©1996 215 $a1 online resource (236 p.) 225 1 $aCameroon studies ;$vVolume 2 300 $aDescription based upon print version of record. 320 $aIncludes bibliographical references. 327 $aAFRICAN CROSSROADS; TABLE OF CONTENTS; FOREWORD; PREFACE; INTRODUCTION; CHAPTER ONE. The Person, Ethnicity and the Problem of 'Identity' in West Africa; CHAPTER TWO. Political Relationships on the Eastern Marches of Adamawa in the Late Nineteenth Century; CHAPTER THREE. Mythic Transformation and Historical Continuity; CHAPTER FOUR. Imperialisms at the Century's End; CHAPTER FIVE. Nso' Military Organisation and Warfare in the Nineteenth and Twentieth Centuries; CHAPTER SIX. Rebellion, Defection and the Position of Male Cadets; CHAPTER SEVEN. Catholicism & Nso' Traditional Beliefs 327 $aCHAPTER EIGHT. Pursue to AttainCHAPTER NINE. Political Dress; NOTES ON CONTRIBUTORS; BIBLIOGRAPHY 330 $aCameroon is characterized by an extraordinary geographical, cultural, and linguistic diversity. This collection of essays by eminent historians and anthropologists summarizes three generations of research in Cameroon that began with the collaboration of Phyllis Kaberry and E. M. Chilver soon after the Second World War and continues to this day. The idea for this book arose from a concern to recognize the continuing influence of E. M. Chilver on a wide variety of social, historical, political and economic studies. The result is a volume with a broad historical scope yet one that also focuses on major contemporary theoretical issues such as the meaning and construction of ethnic identities and the anthropological study of historical processes. For more information on this title and related publications, go to http://lucy.ukc.ac.uk/Chilver/index.html 410 0$aCameroon studies ;$vVolume 2. 606 $aEthnology$zCameroon 607 $aCameroon$xHistory 615 0$aEthnology 676 $a967.11 702 $aZeitlyn$b David 702 $aFowler$b Ian 801 0$bMiAaPQ 801 1$bMiAaPQ 801 2$bMiAaPQ 906 $aBOOK 912 $a9910798390303321 996 $aAfrican crossroads$93710769 997 $aUNINA LEADER 01914nam0 2200409 i 450 001 LO10522538 005 20251003044211.0 010 $a8883351029 020 $aIT$b2001-2322 100 $a20010918d2000 ||||0itac50 ba 101 | $aita 102 $ait 181 1$6z01$ai $bxxxe 182 1$6z01$an 200 1 $aˆUn ‰capitalismo bello e pericoloso$e[quinto rapporto sull'economia globale e l'Italia]$fMario Deaglio 210 $aMilano$cGuerini$d2000 215 $aXIII, 196 p.$d24 cm 300 $aNell'occhietto: Centro di ricerca e documentazione Luigi Einaudi; Lazard Vitale Borghesi & C. 606 $aEconomia mondiale$2FIR$3CFIC040544$9E 606 $aItalia$xEconomia$2FIR$3SBLC128980$9E 676 $a330.9049$9SITUAZIONI E CONDIZIONI ECONOMICHE. 1990-1999$v19 686 $aSe.i.14.2.1.1$cStoria dell'economia italiana. 1963-1975. Occupazione e disoccupazione$2F 686 $aSe.i.14.2.2.6$cStoria dell'economia italiana. 1963-1975. L'impresa$2F 696 $aEconomia reale$aAttività economiche$aAspetti economici 699 $aEconomia$yEconomia reale 699 $aEconomia$zAttività economiche 699 $aEconomia$zAspetti economici 700 1$aDeaglio$b, Mario$3CFIV073471$4070$0118101 801 3$aIT$bIT-000000$c20010918 850 $aIT-BN0095 $aIT-NA0457 901 $bNAP BI$cSALA 5 $nLibri da 4151 in poi 901 $bNAP 01$cPOZZO LIB.$nVi sono collocati fondi di economia, periodici di ingegneria e scienze, periodici di economia e statistica e altri fondi comprendenti documenti di economia pervenuti in dono. 912 $aLO10522538 950 0$aBiblioteca Centralizzata di Ateneo$c1 v.$d 01POZZO LIB.ECON MON 5717$e 0101 0000281765E VMA 1 v.$fB $h20210408$i20210408 977 $a 01$a BI 996 $aCapitalismo bello e pericoloso$9467172 997 $aUNISANNIO